000 00308nam a22001337a 4500
008 170616b xxu||||| |||| 00| 0 eng d
020 _a0871872587
041 _aeng
080 _23RD
_a32
100 _a20
101 _aSHP
245 _aU.S. DEFENSE POLICY
_cCONGRESSIONAL QUARTERLY IPC.
942 _2udc
_cBK
999 _c17822
_d17822